00573nam a2200169Ia 4500003000900000008004100009020001800050040001600068080001600084245015900100260005000259300001500309650002000324650001200344650002000356700002700376IN-BaIIA211028s9999 xx 000 0 eng d a1-56396-188-1 cIIA Library a5(082)bSTR 4aThe physical reviewbthe first hundred years, a selection of seminar papers and commentariescedited by H. Henry Stroke  aNew YorkbAmerican Institute of Physicsc1955 axix, 1266p aPhysical review aPhysics aStroke,H. Henry aStroke, H. Henry., ed.